ZZCMXTP - Captain - Statistiques

Statistiques générales
  • Ce quiz a été pris 8 fois
  • Le résultat moyen est 228 sur 402
Statistiques - réponses
Paroles % Correct
C
100%
ça
100%
De
100%
de
100%
je
100%
mon
100%
(Mon
100%
suis
100%
Tu
100%
tu
100%
À
83%
à
83%
a
83%
Captain
83%
Ce
83%
dans
83%
Dans
83%
la
83%
là)
83%
mais
83%
Mais
83%
me
83%
pas
83%
(Pas
83%
Pas
83%
83%
sous
83%
Baby
67%
baby)
67%
bonheur
67%
Cinq
67%
démonté
67%
Dom
67%
en
67%
gin
67%
J'ai
67%
j'ai
67%
j'suis
67%
(J'suis
67%
le
67%
Le
67%
les
67%
Midi
67%
pour
67%
(Pour
67%
soir
67%
Tiger
67%
ton
67%
torché
67%
Torché
67%
tout
67%
vodka
67%
(zizicaca
67%
assez
50%
beau
50%
Bébé
50%
bébé
50%
bouteille
50%
caché
50%
cash
50%
c'est
50%
(C'est
50%
clair
50%
coffre
50%
connais
50%
c'que
50%
day
50%
dead
50%
dead)
50%
des
50%
dois
50%
encore
50%
et
50%
fais
50%
gars
50%
genre
50%
gosse
50%
gosse)
50%
(Il
50%
Il
50%
jeu
50%
j'les
50%
j'me
50%
J'me
50%
j'sais
50%
j'vois
50%
l'école
50%
lève
50%
m'as
50%
Maximator
50%
mis
50%
(Ouais
50%
ouais
50%
Ouais
50%
paie
50%
Pastis
50%
pay-
50%
plus
50%
plus)
50%
Poliakov
50%
privent
50%
que
50%
quinze
50%
qu'les
50%
rhum
50%
sais)
50%
sais
50%
si
50%
(Stylé)
50%
tester
50%
thème
50%
tise
50%
Titouan)
50%
t’offrir
50%
Triple
50%
t-shirt
50%
Tyson
50%
voleurs
50%
vrai
50%
vu
50%
angle
33%
Au
33%
bâtards)
33%
boire
33%
cachette
33%
cent
33%
chez
33%
cinquante
33%
d'abord
33%
d'mande
33%
dos
33%
du
33%
Écoute
33%
est
33%
euros
33%
festif
33%
fond
33%
forces
33%
frérot
33%
Hier
33%
Jâgermeister
33%
jamais
33%
J'arrive
33%
j'dépose
33%
j'encaisse
33%
J'espère
33%
j'fais
33%
j'peux
33%
j'te
33%
Ka'
33%
l'after
33%
l'ordre
33%
mat'
33%
mélangé
33%
Même
33%
m'guettes
33%
Michael
33%
moi
33%
Nacht)
33%
n'ai
33%
N'appelle
33%
night)
33%
noche)
33%
(Non)
33%
nuit)
33%
(Oh)
33%
on
33%
On
33%
Parce
33%
parler
33%
peu
33%
plais
33%
poches
33%
pris
33%
Puis
33%
Quatre
33%
ramené
33%
rentre
33%
Shot
33%
t'aimes
33%
tisent
33%
tourné
33%
(Toute
33%
un
33%
une
33%
(All
17%
appeler)
17%
Aucune
17%
besoin
17%
biff
17%
consos
17%
c'qui
17%
danser
17%
(Die
17%
gorgée
17%
l'effectif
17%
l'Eristoff
17%
m'ambiancer
17%
mixtape)
17%
m'reste
17%
peine
17%
qu'ils
17%
saoul
17%
(Toda
17%
Trente
17%
Trois
17%
venu
17%
(Comment)
0%
frappe
0%
gâcher
0%
Ganze
0%
Maybach
0%
notte
0%
(Tutta
0%
Aucun quiz correspondant
Distribution des résultats
% des personnes avec chaque résultat
Percentile par nombre de réponses
Votre historique - résultats
Vous n’avez pas pris ce quiz